0325-東津軽郡(青森県)の駅 - Statistics

General Stats
  • This quiz has been taken 4 times
  • The average score is 12 of 16
Answer Stats
Answer % Correct
蟹田
100%
中小国
100%
今別
100%
三厩
100%
奥津軽いまべつ
100%
蓬田
75%
郷沢
75%
瀬辺地
75%
津軽二股
75%
大川平
75%
津軽浜名
75%
西平内
75%
大平
50%
狩場沢
50%
清水川
50%
小湊
50%
No matching quizzes found
Score Distribution
Percent of People with Each Score
Percentile by Number Answered
Your Score History
You have not taken this quiz